| 000 | 00411nam a22001697a 4500 | ||
|---|---|---|---|
| 005 | 20260618102147.0 | ||
| 020 | _a9788197263965 | ||
| 041 | _aEnglish | ||
| 082 | _aT03 R24 STE | ||
| 100 | _aStephen Jeyaseela S | ||
| 245 | _aVeeramaamunivarin Thirukkural Laththin Mozhiaakkam, 1730, 1731, 1732, 1733 | ||
| 250 | _a01 | ||
| 260 |
_aChennai _bNCBH _c2024 |
||
| 300 | _a48 | ||
| 365 | _b100.00 | ||
| 942 | _cBK | ||
| 999 |
_c177937 _d177937 |
||